| Поле | Инд. | ПП | Название | Значение |
|---|---|---|---|---|
| Тип записи | a | |||
| Библиографический уровень | b | |||
| 001 | Контрольный номер | RU/IS/BASE/143899819 | ||
| 005 | Дата корректировки | 20240801121916.7 | ||
| 084 | a | Индекс другой классификации/Индекс ББК | 71.045.2в1; 87.201 | |
| 100 | 10 | a | Автор | Акопян К. З. |
| 245 | 00 | a | Заглавие | От религии к масскульту: логика метаморфозы |
| 504 | 00 | a | Библиография | Библиогр. в примеч. - Примеч.: с. 61-63 |
| 520 | 00 | a | Аннотация | "Основной задачей статьи является выявление связей, предположительно существующих между массовой культурой и религией, а также общих для них обеих черт - если таковые могут быть обнаружены." |
| 650 | 04 | a | Основная рубрика | культурология |
| a | Основная рубрика | философия | ||
| a | Основная рубрика | философия религии | ||
| 653 | 00 | a | Ключевые слова | культурологические исследования |
| a | Ключевые слова | массовая культура | ||
| a | Ключевые слова | методология исследования | ||
| a | Ключевые слова | религия | ||
| 773 | 00 | t | Заглавие источника | Философские науки |
| d | Дата издания источника | 2000 | ||
| g | Прочая информация | № 2. - С. 46 - 63 | ||
| w | Контрольный № источника | RU/IS/BASE/141145618 | ||
| 901 | t | Тип документа | b |